| 000 | 00500 a2200193 4500 | ||
|---|---|---|---|
| 005 | 20260204145811.0 | ||
| 008 | 260204b |||||||| |||| 00| 0 eng d | ||
| 020 |
_a9789394384507 _cRs. 1750.00 |
||
| 040 | _aMAIN | ||
| 082 |
_a355.02 _bP174C |
||
| 100 | _aPalekar, Shriram | ||
| 245 | _aCounter terrorism and security | ||
| 260 |
_bSaddle Publishers _c2022 _aDelhi |
||
| 300 | _aviii, 288 | ||
| 650 | _aMilitary Science | ||
| 650 | _aTerrorism | ||
| 650 | _aModern Warfare | ||
| 942 | _cBK | ||
| 999 |
_c395461 _d395461 |
||